[Event "Lichtenberger Sommer 2023"]
[Site "Berlin"]
[Date "2023.08.19"]
[Round "8.37"]
[White "Straßburg, Moritz"]
[Black "Möwisch, Dave"]
[Result "0-1"]
[WhiteElo "1300"]
[BlackElo "1922"]
[PlyCount "106"]
[EventDate "2023.??.??"]
[WhiteTeam "SF Nordost Berlin"]
[BlackTeam "Potsdamer SV Mitte e.V."]

1. e4 c6 2. d4 d5 3. exd5 cxd5 4. Nf3 Nc6 5. Bf4 Bg4 6. Be2 e6 7. Nbd2 Bd6 8.
Bxd6 Qxd6 9. c3 Nf6 10. O-O O-O 11. Ne5 Bxe2 12. Qxe2 b5 13. Ndf3 Rfb8 14. Ng5
Rb7 15. a4 b4 16. Qa6 Rb6 17. Ngxf7 Nxe5 18. Nxd6 Nf3+ 19. gxf3 Rxa6 20. Nb5
Rb6 21. Rfe1 Kf7 22. Nc7 Rc8 23. a5 Rc6 24. Nb5 Rb8 25. Nxa7 Ra6 26. cxb4 Rxa7
27. Ra4 Ke7 28. f4 g6 29. Rc1 Kd6 30. a6 Rb6 31. Rca1 Nh5 32. b5 Rxb5 33. b4
Nxf4 34. Kf1 Rb6 35. Rd1 Rbxa6 36. Rxa6+ Rxa6 37. f3 Rb6 38. Ra1 h5 39. Rb1 Nd3
40. b5 e5 41. Ke2 Nf4+ 42. Ke3 Ne6 43. Rg1 exd4+ 44. Kd2 g5 45. h4 gxh4 46. Rh1
Ke5 47. Rxh4 Nf4 48. Rh1 Rxb5 49. Re1+ Kf5 50. Re8 Rb2+ 51. Kd1 d3 52. Rf8+ Ke5
53. Re8+ Kd4 0-1

[Event "Lichtenberger Sommer 2023"]
[Site "Berlin"]
[Date "2023.08.19"]
[Round "8.38"]
[White "Mazurtsova, Margarita"]
[Black "Zesewitz, Martin"]
[Result "1-0"]
[WhiteElo "1526"]
[BlackElo "1916"]
[PlyCount "65"]
[EventDate "2023.??.??"]
[WhiteTeam "SC Kreuzberg e.V."]
[BlackTeam "SV SF Friedrichshagen"]

1. c4 f5 2. d4 Nf6 3. Nf3 e6 4. g3 Be7 5. Bg2 O-O 6. O-O d6 7. Nc3 Qe8 8. e3
Nbd7 9. b3 a5 10. Bb2 Qh5 11. Nd2 Qh6 12. Nb5 Bd8 13. Rc1 g5 14. e4 fxe4 15.
Nxe4 Nxe4 16. Bxe4 Nf6 17. Bg2 Bd7 18. Nc3 c6 19. Qe2 Bb6 20. Rcd1 Rae8 21. Ne4
Nxe4 22. Qxe4 e5 23. dxe5 Bf5 24. Qe2 dxe5 25. c5 Bc7 26. Bc1 Qg6 27. Be3 Rd8
28. Rxd8 Rxd8 29. Rd1 Bd3 30. Qg4 h6 31. h4 gxh4 32. Qxh4 Kh7 33. Rxd3 1-0

[Event "Lichtenberger Sommer 2023"]
[Site "Berlin"]
[Date "2023.08.19"]
[Round "8.39"]
[White "Kretzschmar, Jan"]
[Black "Wiechert, Hans"]
[Result "0-1"]
[WhiteElo "1803"]
[BlackElo "2151"]
[PlyCount "68"]
[EventDate "2023.??.??"]
[WhiteTeam "SC Kreuzberg e.V."]
[BlackTeam "SC Untergrombach 46"]

1. d4 Nf6 2. Bf4 d5 3. e3 c5 4. c3 Nc6 5. Nd2 e6 6. Bd3 Bd6 7. Bxd6 Qxd6 8. f4
cxd4 9. cxd4 Bd7 10. a3 Ne7 11. Qe2 Qb6 12. Ngf3 O-O 13. O-O Nf5 14. Ne5 Be8
15. Kh1 Nd6 16. Rab1 Rc8 17. Rfe1 Ba4 18. Ndf3 Rc7 19. Rec1 Rfc8 20. Rxc7 Rxc7
21. h3 Nfe4 22. Kh2 Bb5 23. Ne1 Bxd3 24. Qxd3 f6 25. N5f3 Nc4 26. b4 Ncd6 27.
Ra1 Rc3 28. Qe2 Qb5 29. Qxb5 Nxb5 30. a4 Nbd6 31. Ra2 Rxe3 32. Nc2 Re2 33. b5
Nc3 34. Rb2 Nc4 0-1

[Event "Lichtenberger Sommer 2023"]
[Site "Berlin"]
[Date "2023.08.19"]
[Round "8.40"]
[White "Guder, Sibylle"]
[Black "Amelang, Thomas"]
[Result "0-1"]
[WhiteElo "1796"]
[BlackElo "2141"]
[PlyCount "90"]
[EventDate "2023.??.??"]
[WhiteTeam "SF Berlin 1903 e.V."]
[BlackTeam "Münchener SC 1836 e.V."]

1. c4 c5 2. g3 Nc6 3. Bg2 g6 4. Nc3 Bg7 5. Rb1 d6 6. d3 Nf6 7. e4 Rb8 8. Nge2
a6 9. a3 Nd4 10. Nxd4 cxd4 11. Ne2 e5 12. Bg5 h6 13. Bxf6 Bxf6 14. O-O Bg7 15.
Qc2 Bd7 16. Nc1 O-O 17. Na2 f5 18. Qe2 a5 19. b4 b6 20. b5 Qe7 21. a4 Rbe8 22.
Nc1 Be6 23. Nb3 Qf7 24. f3 h5 25. Na1 Bh6 26. Nc2 Kg7 27. h3 Qd7 28. Kh2 Rh8
29. Rbe1 Qe7 30. Rd1 Bg5 31. Kg1 f4 32. g4 Bh4 33. Rd2 Bg3 34. Qd1 Qh4 35. Rff2
Bxf2+ 36. Rxf2 Qg3 37. Kf1 Rh7 38. Ke2 Reh8 39. Qf1 hxg4 40. hxg4 Rc8 41. Na3
Kf6 42. Kd2 Rh2 43. Re2 Rch8 44. Qf2 R8h3 45. Ke1 Rxg2 0-1

[Event "Lichtenberger Sommer 2023"]
[Site "Berlin"]
[Date "2023.08.19"]
[Round "8.41"]
[White "Wadepfuhl, Jeremy"]
[Black "Wirth, Heinz"]
[Result "1/2-1/2"]
[WhiteElo "1789"]
[BlackElo "2060"]
[PlyCount "96"]
[EventDate "2023.??.??"]
[WhiteTeam "SC Borussia Lichtenberg"]
[BlackTeam "SC Weisse Dame e.V."]

1. e4 c5 2. Nf3 e6 3. g3 Nc6 4. Bg2 Nge7 5. O-O d5 6. exd5 Nxd5 7. d4 cxd4 8.
Nxd4 Bc5 9. Nxc6 bxc6 10. c4 Ne7 11. Nc3 O-O 12. Rb1 e5 13. Ne4 Bd4 14. b4 Be6
15. Qe2 Qc7 16. Nc5 Bf5 17. Rb3 Rfe8 18. Bb2 Bxc5 19. bxc5 f6 20. Bc3 Rad8 21.
Rc1 Bd3 22. Ba5 Qxa5 23. Rxd3 Qxc5 24. Rxd8 Rxd8 25. Qg4 Qd6 26. c5 Qd7 27.
Qc4+ Kf8 28. Rb1 Qd3 29. Qxd3 Rxd3 30. Bh3 Kf7 31. Rb7 Ra3 32. Bf1 Rc3 33. Rxa7
Rxc5 34. Bd3 Ke6 35. Bxh7 f5 36. g4 fxg4 37. Bd3 Nd5 38. Rxg7 Nf4 39. Bf1 Kf5
40. a4 Ra5 41. Rc7 Rxa4 42. Rxc6 Ra1 43. Rb6 Rc1 44. Rb7 Rd1 45. Rb8 Rd2 46.
Rf8+ Kg5 47. Rg8+ Kf5 48. Rf8+ Kg5 1/2-1/2

[Event "Lichtenberger Sommer 2023"]
[Site "Berlin"]
[Date "2023.08.19"]
[Round "8.42"]
[White "Villuela, Roberto"]
[Black "Keusch, Horst"]
[Result "1-0"]
[WhiteElo "1775"]
[BlackElo "2000"]
[PlyCount "66"]
[EventDate "2023.??.??"]
[WhiteTeam "SC Friesen Lichtenberg e.V."]
[BlackTeam "SC Friesen Lichtenberg e.V."]

1. Nf3 f5 2. d3 g6 3. e4 d6 4. Nc3 Bg7 5. Be3 Nh6 6. h3 O-O 7. Qd2 Nf7 8. Be2
e5 9. exf5 gxf5 10. g3 c6 11. O-O-O b5 12. Rdg1 b4 13. Nd1 a5 14. Ng5 Qe8 15.
Bh5 c5 16. Nxf7 Rxf7 17. Bh6 Qf8 18. Bxf7+ Kxf7 19. Bxg7 Qxg7 20. f4 Be6 21. g4
fxg4 22. hxg4 Nc6 23. Qg2 Rc8 24. f5 Bxa2 25. g5 Kg8 26. b3 a4 27. f6 Qg6 28.
Qd5+ Kh8 29. Rxh7+ Qxh7 30. Rh1 Qxh1 31. Qxh1+ Kg8 32. Qd5+ Kh8 33. Qf7 Rg8 1-0

[Event "Lichtenberger Sommer 2023"]
[Site "Berlin"]
[Date "2023.08.19"]
[Round "8.43"]
[White "Meister, Alexander"]
[Black "Jeß, Arne"]
[Result "1/2-1/2"]
[WhiteElo "1926"]
[BlackElo "1824"]
[PlyCount "35"]
[EventDate "2023.??.??"]
[WhiteTeam "SK Präsident"]
[BlackTeam "TSG Rot-Weiß Fredersdorf/Vogelsd"]

1. d4 d5 2. Nf3 Nf6 3. g3 g6 4. Bg2 Bg7 5. c4 c6 6. Nc3 dxc4 7. Ne5 Be6 8. e3
Nbd7 9. f4 Nxe5 10. fxe5 Nd5 11. e4 Nxc3 12. bxc3 Qd7 13. O-O Bg4 14. Qe1 Bh3
15. Be3 Bxg2 16. Kxg2 O-O 17. Rd1 b5 18. Qd2 1/2-1/2

[Event "Lichtenberger Sommer 2023"]
[Site "Berlin"]
[Date "2023.08.19"]
[Round "8.44"]
[White "Rouditser, Benjamin"]
[Black "Bauder, Herbert"]
[Result "1-0"]
[WhiteElo "1756"]
[BlackElo "1926"]
[PlyCount "65"]
[EventDate "2023.??.??"]
[WhiteTeam "SG Lasker Stegli"]
[BlackTeam "SG Lasker Steglitz"]

1. d4 Nf6 2. c4 g6 3. f3 Bg7 4. e4 d6 5. Nc3 O-O 6. Nge2 c5 7. d5 Nbd7 8. Ng3
Ne5 9. Be2 h5 10. O-O a6 11. a4 b6 12. h3 h4 13. Nh1 Nh7 14. f4 Nd7 15. e5 dxe5
16. f5 gxf5 17. Rxf5 e6 18. dxe6 fxe6 19. Rh5 Rf5 20. Rxf5 exf5 21. Qd5+ Kh8
22. Qxa8 e4 23. Qd5 Bd4+ 24. Kf1 Qf8 25. Bf4 Ndf6 26. Qd6 Qe8 27. Qxb6 e3 28.
Rc1 Nd7 29. Qd6 Nhf6 30. Nd5 Ne4 31. Qh6+ Kg8 32. Bh5 Qf8 33. Qg6+ 1-0

[Event "Lichtenberger Sommer 2023"]
[Site "Berlin"]
[Date "2023.08.19"]
[Round "8.45"]
[White "Heß, Jürgen"]
[Black "Oppermann, Peter"]
[Result "0-1"]
[WhiteElo "1922"]
[BlackElo "1796"]
[PlyCount "104"]
[EventDate "2023.??.??"]
[WhiteTeam "SG Arnstadt-Stadtilm"]
[BlackTeam "SK Bad Harzburg"]

1. e4 e6 2. d4 d5 3. Nd2 Nf6 4. e5 Nfd7 5. Ngf3 c5 6. c4 Nc6 7. cxd5 exd5 8.
Bb5 Ndb8 9. O-O Be7 10. dxc5 Bxc5 11. Nb3 Be7 12. Be3 O-O 13. h3 a6 14. Bd3 Be6
15. Rc1 Nd7 16. Bf4 g5 17. Bh2 g4 18. Nfd4 Ncxe5 19. Nxe6 fxe6 20. hxg4 Nxd3
21. Qxd3 Bf6 22. Nc5 Nxc5 23. Rxc5 Rc8 24. Rfc1 Rxc5 25. Rxc5 Rf7 26. Qc2 Qb6
27. g5 Bd4 28. Rc8+ Kg7 29. Bg3 Qxb2 30. Qxb2 Bxb2 31. Re8 Kg6 32. Rxe6+ Kxg5
33. Rb6 Ba3 34. Rb3 Bc5 35. Kf1 Re7 36. Rd3 d4 37. f3 h5 38. Bf2 Rd7 39. Ke2
Kf5 40. Kd1 Ke5 41. Kc2 Kd5 42. Kb3 b5 43. Rd1 Kc6 44. Re1 Kd5 45. Rh1 a5 46.
Rxh5+ Kc6 47. Be1 a4+ 48. Kc2 d3+ 49. Kd1 d2 50. Bh4 b4 51. Re5 b3 52. axb3
axb3 0-1

[Event "Lichtenberger Sommer 2023"]
[Site "Berlin"]
[Date "2023.08.19"]
[Round "8.46"]
[White "Hauer, Andreas"]
[Black "Sommer, Ingo"]
[Result "0-1"]
[WhiteElo "1912"]
[BlackElo "1787"]
[PlyCount "116"]
[EventDate "2023.??.??"]
[WhiteTeam "SC Turm Illingen"]
[BlackTeam "SC Kreuzberg e.V."]

1. e4 c6 2. Nf3 d5 3. d3 dxe4 4. dxe4 Qc7 5. Bc4 h6 6. Nc3 e5 7. O-O Bg4 8. h3
Bh5 9. a3 Be7 10. b4 Nd7 11. Qd3 Ngf6 12. Bb2 O-O 13. Ne2 Rad8 14. Qe3 b5 15.
Bd3 Bxf3 16. Qxf3 a6 17. Ng3 Rfe8 18. Nf5 Bf8 19. Bc1 Kh8 20. g4 Ng8 21. g5 Re6
22. Kh1 hxg5 23. Bxg5 Ndf6 24. Qg3 Rd7 25. Qh4+ Nh7 26. Rg1 g6 27. Ng3 Be7 28.
Bxe7 Rexe7 29. Nf1 Qd6 30. Ne3 Qf6 31. Qg3 Nh6 32. a4 Nf8 33. axb5 axb5 34. Ra8
Kg7 35. Ra6 Rd6 36. Rga1 Red7 37. Ng2 Ne6 38. h4 Nf4 39. Nxf4 exf4 40. Qh3 Qd4
41. f3 Qxb4 42. Qh2 Rf6 43. e5 Re6 44. Be4 Rxe5 45. Qxf4 Qe7 46. Bxc6 Rc7 47.
Be4 Rh5 48. Kg2 Rxh4 49. Qg3 Rxe4 50. fxe4 Qxe4+ 51. Kg1 Rxc2 52. Ra7 Nf5 53.
Rxf7+ Kxf7 54. Ra7+ Ne7 55. Qb3+ Kf6 56. Ra6+ Kg5 57. Qxb5+ Nf5 58. Qf1 Qe3+
0-1

[Event "Lichtenberger Sommer 2023"]
[Site "Berlin"]
[Date "2023.08.19"]
[Round "8.47"]
[White "Stein, Siegfried"]
[Black "Kuhn, Christian"]
[Result "1-0"]
[WhiteElo "1730"]
[BlackElo "1911"]
[PlyCount "53"]
[EventDate "2023.??.??"]
[WhiteTeam "SV Berolina Mitte e.V."]
[BlackTeam "SK König Tegel 1949 e.V."]

1. e4 e5 2. Nc3 Nf6 3. Bc4 Nc6 4. d3 Bc5 5. f4 d6 6. Nf3 Bg4 7. Na4 Nd7 8. Nxc5
Nxc5 9. c3 exf4 10. Bxf4 Ne5 11. Bxe5 dxe5 12. Bxf7+ Ke7 13. Bc4 c6 14. a4 Rf8
15. O-O b5 16. axb5 cxb5 17. Bd5 Qb6 18. Kh1 Rad8 19. d4 Na4 20. Qb3 Bxf3 21.
gxf3 Rd6 22. dxe5 Rh6 23. Qb4+ Ke8 24. e6 a6 25. Qd4 Qd6 26. e5 Qe7 27. Bc6+
1-0

[Event "Lichtenberger Sommer 2023"]
[Site "Berlin"]
[Date "2023.08.19"]
[Round "8.48"]
[White "Ellert, Stefan"]
[Black "Schmidt, Jürgen"]
[Result "1/2-1/2"]
[WhiteElo "1630"]
[BlackElo "1891"]
[PlyCount "53"]
[EventDate "2023.??.??"]
[WhiteTeam "SV Empor Berlin e.V."]
[BlackTeam "SC Kreuzberg e.V."]

1. d4 d5 2. Nf3 c6 3. Bf4 Nf6 4. e3 Bf5 5. Bd3 Bg6 6. O-O Nbd7 7. Nc3 e6 8. Re1
Bb4 9. a3 Bxc3 10. bxc3 O-O 11. Qb1 b5 12. Ne5 Nxe5 13. Bxe5 Nd7 14. Bg3 Nb6
15. f3 h5 16. Bxg6 fxg6 17. e4 h4 18. Be5 h3 19. Qc1 hxg2 20. Kxg2 Qh4 21. Bg3
Qf6 22. Qe3 Nc4 23. Qe2 Kh7 24. a4 a6 25. Ra2 Nb6 26. axb5 axb5 27. Rxa8
1/2-1/2

[Event "Lichtenberger Sommer 2023"]
[Site "Berlin"]
[Date "2023.08.19"]
[Round "8.49"]
[White "Heppert, Lars"]
[Black "Kuban, Andreas"]
[Result "1-0"]
[WhiteElo "1887"]
[BlackElo "1740"]
[PlyCount "135"]
[EventDate "2023.??.??"]
[WhiteTeam "SK Neuburg"]
[BlackTeam "SC Zugzwang 95 e.V."]

1. e4 c5 2. Nf3 d6 3. Bb5+ Nd7 4. c3 a6 5. Ba4 Ngf6 6. Bc2 g6 7. d4 cxd4 8.
cxd4 Bg7 9. O-O O-O 10. Qe2 b5 11. Rd1 Bb7 12. h3 Rc8 13. Bg5 Qc7 14. Bd3 e5
15. d5 h6 16. Be3 Nc5 17. Rc1 Qe7 18. Nbd2 Nxd3 19. Qxd3 Nd7 20. b4 f5 21. g3
f4 22. gxf4 exf4 23. Bd4 Ne5 24. Nxe5 dxe5 25. Bc5 Qg5+ 26. Kf1 Rf7 27. Qf3 h5
28. Ke2 Re8 29. Rg1 Qf6 30. Rae1 Kh7 31. Kf1 Bf8 32. Nb3 Qh4 33. Qg2 Rg7 34. f3
Bc8 35. Rh1 Be7 36. Bf2 Qf6 37. Bc5 Bd8 38. h4 Bb6 39. Ke2 Rc7 40. Rc1 Bd7 41.
d6 Rc6 42. Qf2 Bd8 43. Rcd1 Be6 44. Rd2 Qf7 45. d7 Bxd7 46. Rhd1 Rc7 47. Bb6
Rb7 48. Bxd8 Rxd8 49. Nc5 Rc7 50. Ke1 a5 51. a3 axb4 52. axb4 Ra7 53. Qg2 Bh3
54. Qxh3 Rxd2 55. Rxd2 Ra1+ 56. Rd1 Rxd1+ 57. Kxd1 Qc4 58. Qd7+ Kh6 59. Qd2
Qf1+ 60. Kc2 Qc4+ 61. Qc3 Qe2+ 62. Kb3 Qd1+ 63. Ka3 Qd6 64. Nd3 Qa6+ 65. Kb2
Qf6 66. Nxe5 Qxh4 67. Nf7+ Kh7 68. Qh8# 1-0

[Event "Lichtenberger Sommer 2023"]
[Site "Berlin"]
[Date "2023.08.19"]
[Round "8.50"]
[White "Kreuchauf, Olaf"]
[Black "Matitschka, Heinz"]
[Result "1/2-1/2"]
[WhiteElo "1667"]
[BlackElo "1883"]
[PlyCount "67"]
[EventDate "2023.??.??"]
[WhiteTeam "SC Eintracht Berlin e.V."]
[BlackTeam "TSG Oberschöneweide e.V."]

1. d4 Nf6 2. c4 e6 3. g3 Bb4+ 4. Bd2 Qe7 5. Bg2 Nc6 6. Nf3 Bxd2+ 7. Qxd2 Ne4 8.
Qc2 Qb4+ 9. Nc3 Nxc3 10. Qxc3 Qxc3+ 11. bxc3 Rb8 12. e4 b6 13. Nd2 Ba6 14. Bf1
Na5 15. f3 O-O 16. Kf2 f5 17. e5 d6 18. f4 dxe5 19. fxe5 Rfd8 20. Ke3 c5 21. h4
Rbc8 22. Rc1 Bb7 23. Rh2 Rc7 24. Nb3 Nc6 25. Rd2 Rcd7 26. Rcd1 Kf7 27. Bg2 Na5
28. Nxa5 Bxg2 29. Rxg2 bxa5 30. Rb2 cxd4+ 31. cxd4 Rc8 32. Rc1 Rcd8 33. Rd1 Rc8
34. Rc1 1/2-1/2

[Event "Lichtenberger Sommer 2023"]
[Site "Berlin"]
[Date "2023.08.19"]
[Round "8.51"]
[White "Hoppe, Arthur"]
[Black "Nguyen, Tuan Kiet"]
[Result "1/2-1/2"]
[WhiteElo "1591"]
[BlackElo "1873"]
[PlyCount "93"]
[EventDate "2023.??.??"]
[WhiteTeam "SC Kreuzberg e.V."]
[BlackTeam "SG Eckturm"]

1. d4 Nf6 2. c4 g6 3. Nc3 d5 4. Bg5 Bg7 5. Bxf6 Bxf6 6. cxd5 c6 7. Rc1 O-O 8.
dxc6 Bxd4 9. cxb7 Bxb7 10. e3 Bg7 11. Qxd8 Rxd8 12. Nf3 Nc6 13. Be2 Ne5 14.
Nxe5 Bxe5 15. Bf3 Bxf3 16. gxf3 Rab8 17. b3 Rbc8 18. Ne2 Rxc1+ 19. Nxc1 Bc3+
20. Kf1 Rd2 21. Kg2 Bf6 22. f4 Bh4 23. Rf1 f5 24. Kf3 a5 25. a3 Kf7 26. Ne2 Ra2
27. a4 Ke6 28. Rd1 Rb2 29. Rd8 Kf6 30. Ra8 Rxb3 31. Rxa5 Rb1 32. Ng3 Ra1 33.
Ra8 Kf7 34. a5 Bf6 35. a6 h5 36. Kg2 Ke6 37. a7 h4 38. Ne2 Kd7 39. Rg8 Rxa7 40.
Rxg6 Ke8 41. Rg8+ Kf7 42. Rc8 Kg7 43. Ng1 Ra4 44. h3 Ra5 45. Ne2 Rb5 46. Rc2
Rd5 47. Ra2 1/2-1/2

[Event "Lichtenberger Sommer 2023"]
[Site "Berlin"]
[Date "2023.08.19"]
[Round "8.52"]
[White "Kapp, Frank"]
[Black "Potgieter, Edward"]
[Result "0-1"]
[WhiteElo "1861"]
[BlackElo "1719"]
[PlyCount "144"]
[EventDate "2023.??.??"]
[WhiteTeam "TSV IFA Chemnitz"]
[BlackTeam "Johannesburg Metro Chess"]

1. d4 Nf6 2. Nf3 d5 3. Bf4 c5 4. c3 Nc6 5. e3 Qb6 6. Qc2 g6 7. Be2 Bg7 8. dxc5
Qxc5 9. Nbd2 O-O 10. Nb3 Qb6 11. h3 Ne4 12. O-O e5 13. Bh2 Be6 14. Nbd2 Nc5 15.
Rfd1 Rac8 16. b3 Bf5 17. Qc1 Bd3 18. Bxd3 Nxd3 19. Qa3 e4 20. Nd4 Nce5 21. c4
Rfd8 22. cxd5 Bf8 23. Qa4 Nb2 24. Qb5 Qxb5 25. Nxb5 Nxd1 26. Rxd1 Rxd5 27. Nd4
f5 28. Bxe5 Rxe5 29. Nc4 Rd5 30. Rb1 b5 31. Na5 Bg7 32. Nac6 Re8 33. Nxa7 Bxd4
34. exd4 Rxd4 35. Nxb5 Rd2 36. a4 f4 37. Re1 e3 38. fxe3 fxe3 39. Nc3 Rd3 40.
Nb5 Rxb3 41. Re2 Ra8 42. g4 Rxa4 43. Nc7 Rd3 44. Ne6 Ra1+ 45. Kg2 Rd2 46. Kf3
Rxe2 47. Kxe2 Ra2+ 48. Kxe3 Ra3+ 49. Kf4 Rxh3 50. Kg5 Ra3 51. Kh6 Ra5 52. Ng5
Ra2 53. Ne4 Re2 54. Nf6+ Kf7 55. Nd7 Rh2+ 56. Kg5 h6+ 57. Kf4 Ra2 58. Ne5+ Kg7
59. Nf3 Kf6 60. Ne1 g5+ 61. Kg3 Ke6 62. Kf3 Kd5 63. Nd3 Ra3 64. Ke2 Ke4 65.
Nf2+ Kf4 66. Kf1 Ra1+ 67. Kg2 Ra2 68. Kh3 Ra3+ 69. Kg2 Rg3+ 70. Kh2 Rf3 71. Nh1
Rf1 72. Kg2 Rxh1 0-1

[Event "Lichtenberger Sommer 2023"]
[Site "Berlin"]
[Date "2023.08.19"]
[Round "8.53"]
[White "Eis, Cedric"]
[Black "Matitschka, Johannes"]
[Result "1/2-1/2"]
[WhiteElo "1557"]
[BlackElo "1855"]
[PlyCount "143"]
[EventDate "2023.??.??"]
[WhiteTeam "SF Berlin 1903 e.V."]
[BlackTeam "TSG Oberschöneweide e.V."]

1. e4 d6 2. d4 Nf6 3. Nc3 g6 4. Bc4 c6 5. Bb3 b5 6. a3 Bg7 7. Nf3 Nbd7 8. O-O
O-O 9. Bf4 a5 10. Re1 Nh5 11. Be3 Rb8 12. Ne2 Nb6 13. Qd2 Nf6 14. Ng3 Ng4 15.
Qxa5 Nxe3 16. Rxe3 Nc4 17. Qxd8 Rxd8 18. Bxc4 bxc4 19. Rb1 Bg4 20. c3 Rb7 21.
h3 Bxf3 22. gxf3 Rdb8 23. Re2 Rb3 24. Ra1 Rxb2 25. Rxb2 Rxb2 26. a4 c5 27. a5
cxd4 28. a6 Rb8 29. cxd4 Bxd4 30. Ra2 Ra8 31. Ne2 Bg7 32. Nf4 e6 33. Ng2 c3 34.
Ne3 Bd4 35. Kf1 Bxe3 36. fxe3 c2 37. Rxc2 Rxa6 38. Rd2 Kg7 39. Kf2 Kf6 40. f4
Rb6 41. Kf3 h5 42. h4 Ke7 43. Ra2 Rb7 44. Ra5 Kd7 45. f5 e5 46. fxg6 fxg6 47.
Ra8 Ke6 48. Rg8 Kf6 49. Rd8 Rf7 50. Kg2 Ke7 51. Rg8 Rf6 52. Rg7+ Ke6 53. Rg8
Kd7 54. Ra8 Kc6 55. Ra6+ Kc5 56. Ra5+ Kc4 57. Rd5 g5 58. hxg5 Rg6 59. Kf3 Rxg5
60. Rxd6 Kc3 61. Rf6 h4 62. Rf5 Rg3+ 63. Kf2 Kd3 64. Rxe5 Rxe3 65. Rh5 Rxe4 66.
Kg2 Ke3 67. Kh3 Kf3 68. Rxh4 Re1 69. Kh2 Re2+ 70. Kh3 Re1 71. Kh2 Re2+ 72. Kh3
1/2-1/2

[Event "Lichtenberger Sommer 2023"]
[Site "Berlin"]
[Date "2023.08.19"]
[Round "8.54"]
[White "Oldenburg, Theo"]
[Black "Schmidt, Fabian"]
[Result "0-1"]
[WhiteElo "1424"]
[BlackElo "1848"]
[PlyCount "62"]
[EventDate "2023.??.??"]
[WhiteTeam "SV Berolina Mitte e.V."]
[BlackTeam "SV Königsjäger Süd-West e.V."]

1. e4 c6 2. d4 d5 3. e5 Bf5 4. Nf3 e6 5. Be2 Nd7 6. O-O Qc7 7. Re1 O-O-O 8. Be3
f6 9. c3 fxe5 10. dxe5 c5 11. Qa4 Kb8 12. b4 Nxe5 13. Nxe5 Qxe5 14. bxc5 Qc7
15. c6 bxc6 16. Nd2 Bd6 17. Bxa7+ Kc8 18. Nf3 Kd7 19. Be3 Nf6 20. c4 Ra8 21.
Qb3 Ra3 22. Qd1 Ng4 23. cxd5 exd5 24. Qd4 Bxh2+ 25. Kf1 Rxe3 26. fxe3 Qg3 27.
Ne5+ Nxe5 28. Qa7+ Ke6 29. Rac1 Bh3 30. Bg4+ Qxg4 31. gxh3 Qf3# 0-1

[Event "Lichtenberger Sommer 2023"]
[Site "Berlin"]
[Date "2023.08.19"]
[Round "8.55"]
[White "Matthes, Benjamin"]
[Black "Tedesco, Gennaro"]
[Result "1/2-1/2"]
[WhiteElo "1848"]
[BlackElo "1712"]
[PlyCount "158"]
[EventDate "2023.??.??"]
[WhiteTeam "SC Oranienburg e.V."]
[BlackTeam "SC Kreuzberg e.V."]

1. e4 c5 2. Nf3 d6 3. c3 Nf6 4. Be2 Bd7 5. Qc2 Qc7 6. O-O g6 7. Na3 Bg7 8. Re1
O-O 9. Bf1 a6 10. h3 Re8 11. d4 cxd4 12. cxd4 Qxc2 13. Nxc2 Nc6 14. d5 Na7 15.
Nfd4 Rac8 16. f3 Nb5 17. Be3 Nh5 18. a4 Nxd4 19. Nxd4 e6 20. dxe6 fxe6 21. a5
d5 22. exd5 exd5 23. Rac1 Nf6 24. Bd3 Rxc1 25. Rxc1 Rc8 26. Rxc8+ Bxc8 27. Ne2
Nd7 28. b4 Ne5 29. Bc2 Nc6 30. Bc5 Bf8 31. Bb3 Nxb4 32. Bxb4 Bxb4 33. Bxd5+ Kg7
34. g4 Bxa5 35. f4 Bc7 36. Kf2 b5 37. Kf3 b4 38. Nd4 Bd7 39. Ne6+ Bxe6 40. Bxe6
a5 41. Bb3 h6 42. Ke4 Kf6 43. h4 Bd6 44. h5 gxh5 45. gxh5 Bc7 46. Kd5 Bxf4 47.
Kc5 Kg5 48. Bf7 b3 49. Bxb3 Kxh5 50. Kd4 Kg5 51. Ke4 Bd2 52. Kf3 Kh4 53. Kg2
Bf4 54. Ba4 Kg5 55. Be8 h5 56. Ba4 h4 57. Bd7 Bd2 58. Be8 Kf4 59. Bc6 Ke3 60.
Bd7 Kd4 61. Bc6 Kc4 62. Kh3 Be1 63. Kg2 Kb4 64. Bd7 Bg3 65. Bc6 a4 66. Bxa4
Kxa4 67. Kh3 Kb3 68. Kg2 Kc3 69. Kh3 Kd3 70. Kg2 Ke2 71. Kh1 Kf3 72. Kg1 Kg4
73. Kg2 Be1 74. Kh1 Kf3 75. Kg1 Ke2 76. Kg2 Bf2 77. Kh1 Kf1 78. Kh2 Bg1+ 79.
Kh1 h3 1/2-1/2

[Event "Lichtenberger Sommer 2023"]
[Site "Berlin"]
[Date "2023.08.19"]
[Round "8.56"]
[White "Schülke, Rosalie"]
[Black "Nieber, Alexander"]
[Result "1-0"]
[WhiteElo "1387"]
[BlackElo "1843"]
[PlyCount "60"]
[EventDate "2023.??.??"]
[WhiteTeam "SV Königsjäger Süd-West e.V."]
[BlackTeam "SG Aufbau Elbe Magdeburg"]

1. e4 c5 2. Nf3 e6 3. c4 Nc6 4. Nc3 Nd4 5. Ne2 Nxf3+ 6. gxf3 d5 7. cxd5 exd5 8.
Nc3 d4 9. Nd5 Ne7 10. Nf4 g5 11. Nh5 Ng6 12. Bb5+ Ke7 13. Qc2 Qd6 14. Be2 Be6
15. b3 f6 16. Ba3 Kf7 17. O-O-O Be7 18. Kb1 a5 19. Rc1 Rhc8 20. Bc4 a4 21. bxa4
Ne5 22. Bxe6+ Qxe6 23. f4 gxf4 24. Nxf4 Qa6 25. Nd5 Bd6 26. Qb3 c4 27. Qh3 Bxa3
28. Qxa3 Re8 29. Qh3 Rh8 30. Qh5+ Ke6 1-0

[Event "Lichtenberger Sommer 2023"]
[Site "Berlin"]
[Date "2023.08.19"]
[Round "8.58"]
[White "Knol, Jeffrey"]
[Black "Hoyer, Olaf"]
[Result "1-0"]
[WhiteElo "1179"]
[BlackElo "1826"]
[PlyCount "47"]
[EventDate "2023.??.??"]
[WhiteTeam "Schaakvereniging Almere"]
[BlackTeam "SC Braunschweig Gliesmarode v. 1"]

1. e4 c5 2. Nf3 e6 3. d4 cxd4 4. Nxd4 a6 5. Nc3 Qc7 6. a3 Nf6 7. Be2 Be7 8. Be3
d6 9. Qd2 b6 10. O-O-O Bb7 11. f3 Nbd7 12. g4 Rc8 13. h4 d5 14. exd5 Nxd5 15.
Nxd5 Bxd5 16. Bxa6 Ra8 17. Be2 Ne5 18. Bf4 Bd6 19. Nb5 Qc6 20. Nxd6+ Qxd6 21.
Bb5+ Ke7 22. Bxe5 Qxe5 23. Rhe1 Rxa3 24. Qb4+ 1-0

[Event "Lichtenberger Sommer 2023"]
[Site "Berlin"]
[Date "2023.08.19"]
[Round "8.59"]
[White "Fock, Madiha"]
[Black "Paashaus, Detlef"]
[Result "1/2-1/2"]
[WhiteElo "1667"]
[BlackElo "1931"]
[PlyCount "60"]
[EventDate "2023.??.??"]
[WhiteTeam "TSG Oberschöneweide e.V."]
[BlackTeam "HSK Lister Turm"]

1. e4 c6 2. d4 d5 3. Nd2 dxe4 4. Nxe4 Nf6 5. Nxf6+ gxf6 6. c3 Bf5 7. Nf3 e6 8.
g3 Bd6 9. Bg2 Nd7 10. Nh4 Bg6 11. Qe2 Qc7 12. Nxg6 hxg6 13. Bd2 O-O-O 14. O-O-O
Bf8 15. f4 Bh6 16. Qf2 Kb8 17. g4 f5 18. g5 Bg7 19. h4 Nb6 20. Bf1 Nc8 21. Be2
Nd6 22. Bf3 Qa5 23. Kb1 Nc4 24. Qe2 Nxd2+ 25. Qxd2 e5 26. fxe5 Bxe5 27. Qf2 Qb6
28. Qg2 Bf4 29. Be2 Qc7 30. Bc4 Be3 1/2-1/2

[Event "Lichtenberger Sommer 2023"]
[Site "Berlin"]
[Date "2023.08.19"]
[Round "8.60"]
[White "Uhlenbrock, Sven"]
[Black "Mannaberg, Steffen"]
[Result "0-1"]
[WhiteElo "1659"]
[BlackElo "1903"]
[PlyCount "84"]
[EventDate "2023.??.??"]
[WhiteTeam "vereinslos"]
[BlackTeam "vereinslos"]

1. d4 Nf6 2. Bf4 d6 3. e3 g6 4. Nf3 Bg7 5. Be2 Nbd7 6. h3 c6 7. O-O O-O 8. c4
c5 9. Nc3 Re8 10. Bh2 cxd4 11. exd4 Qa5 12. Re1 a6 13. a3 Bh6 14. Bf1 Nf8 15.
b4 Qd8 16. c5 d5 17. a4 Ne6 18. Ne5 Nf4 19. Nd3 Nxd3 20. Bxd3 Be6 21. Ne2 Nh5
22. g4 Nf6 23. Nf4 Bxf4 24. Bxf4 h5 25. f3 hxg4 26. fxg4 Qd7 27. b5 Ne4 28.
Bxe4 dxe4 29. Rxe4 axb5 30. axb5 Qxb5 31. d5 Qxc5+ 32. Be3 Qxd5 33. Rd4 Qb3 34.
Qxb3 Rxa1+ 35. Qd1 Rxd1+ 36. Rxd1 Ra8 37. Kf2 b5 38. Bc5 Kf8 39. Ke3 f6 40. Rd4
Kf7 41. Rd2 Rh8 42. Rh2 Bxg4 0-1

[Event "Lichtenberger Sommer 2023"]
[Site "Berlin"]
[Date "2023.08.19"]
[Round "8.61"]
[White "Schubert, Joachim"]
[Black "Fiedler, Ronald"]
[Result "1-0"]
[WhiteElo "1872"]
[BlackElo "1642"]
[PlyCount "71"]
[EventDate "2023.??.??"]
[WhiteTeam "SC Friesen Lichtenberg e.V."]
[BlackTeam "SVG Läufer Reinickendorf e.V."]

1. e4 c5 2. Nf3 e6 3. d4 cxd4 4. Nxd4 Nc6 5. Be2 Qc7 6. Be3 a6 7. Nd2 Be7 8.
O-O Nf6 9. c3 O-O 10. f4 d6 11. Qe1 Bd7 12. Kh1 e5 13. Nc2 d5 14. fxe5 Nxe5 15.
exd5 Nxd5 16. Bd4 Nc6 17. Bg1 Bd6 18. Ne4 Be7 19. Qd2 Be6 20. Ng5 Bxg5 21. Qxg5
Qe5 22. Qd2 Rad8 23. Nd4 Nde7 24. Rae1 Qc7 25. Nxe6 fxe6 26. Rxf8+ Rxf8 27. Bc5
Rd8 28. Qe3 Qc8 29. Bc4 Nd5 30. Qxe6+ Qxe6 31. Rxe6 Kf7 32. Re1 b5 33. Bb3 Na5
34. Bb6 Nxb3 35. Bxd8 Nc5 36. Re5 1-0